les plus grandes villes du monde - Statistiques

Statistiques générales
  • Ce quiz a été pris 22 fois
  • Le résultat moyen est 11 sur 15
Réponses sur la Carte
Les réponses sont colorées sur une échelle allant du rouge au vert en fonction du pourcentage des utilisateurs qui les ont devinées à leur premier essai. Vous pouvez retrouver ces pourcentages ci-dessous.
 
Statistiques - réponses
answers % Correct
new york
100%
pekin
100%
tokyo
100%
shanghai
89%
delhi
84%
mexico
84%
canton
79%
jakarta
74%
lagos
68%
dacca
63%
sao paulo
63%
bangkok
58%
manille
58%
mumbai
58%
le caire
53%
Aucun quiz correspondant
Distribution des résultats
% des personnes avec chaque résultat
Percentile par nombre de réponses
Votre historique - résultats
Vous n’avez pas pris ce quiz